El mundo de la percepción: siete conferencias

Guardado en:
Detalles Bibliográficos
Autor principal: Merleau-Ponty, Maurice (autor)
Formato: Libro
Lenguaje:español
Publicado: Buenos Aires Fondo de Cultura Económica 2008
Edición:2a. ed
Colección:Colección Popular, 632
Materias:
Etiquetas: Agregar Etiqueta
Sin Etiquetas, Sea el primero en etiquetar este registro!

MARC

LEADER 00000nam a2200000 a 4500
001 UCI6608
003 CL-VaPUC
008 080516e20080000AG |||||||||||||||||spa|d
020 |a 9789505577446 
082 0 4 |a 153.7  |b MER  |2 21 
100 |a Merleau-Ponty, Maurice  |e autor  |9 302544 
245 1 3 |a El mundo de la percepción: siete conferencias 
250 |a 2a. ed 
300 |a 84 p 
942 |c BK 
945 |d 20080516 00:00:00  |a jtorresc 
260 |a Buenos Aires  |b Fondo de Cultura Económica  |c 2008 
650 0 |a Percepción   |9 266750 
583 |a last modification  |c 20080516 00:00:00  |k Rodrigo Vera 
490 0 |a Colección Popular, 632 
999 |c 330063  |d 330061 
952 |0 0  |1 0  |4 0  |6 153_700000000000000_MER_2008  |7 0  |8 A  |9 415351  |a BIBEDU  |b BIBEDU  |d 2019-11-22  |i 4439732  |o 153.7 MER 2008  |p 4439732  |r 2019-11-22  |w 2019-11-22  |y BK  |k PSI